| 000 | 00589nam a22001817a 4500 | ||
|---|---|---|---|
| 003 | OSt | ||
| 005 | 20260427051452.0 | ||
| 008 | 260427b |||||||| |||| 00| 0 eng d | ||
| 020 | _a971-8837-24-8 | ||
| 040 |
_aDWC-Main Lib. _cOC |
||
| 082 | _aRes. 598.9 1997 | ||
| 100 | _aAbangan, Veronica C. | ||
| 245 |
_aMunting aklat ng mga sawikain (idioms) _bat mga pariralang Ingles s wikang Filipino/ _cVeronica C. Abangan |
||
| 260 |
_aCebu City, Philippines : _bOriental Press, _cc1997. |
||
| 300 |
_aiii, 120 p. : _c18 cm. |
||
| 650 | _a1. Idioms. | ||
| 942 |
_2ddc _cBK-0 CIRC _hRes. _n0 |
||
| 999 |
_c9913 _d9913 |
||